000 00536cab a22001815a 4500
001 L157778
008 130514e2013 xxk 000 0 eng d
035 _a(Sirsi) u157778
041 0 _aeng
100 1 _aBranson, Adam
245 0 0 _aGreen for growth 2
_bretrofit
260 _c2013
490 _aBuilding
_v(278) 1 February 2013, 34-36(3)
520 _aPart two of the Green for Growth series. Explores how Green for Growth measures can work even in times of austerity
590 _aKA
690 _aGreen for Growth
942 _n0
999 _c84461
_d84461